00345nam a2200109Ia 450000100070000000500170000700800410002424500540006526000100011999900190012995200870014865515620250826154531.0250824s9999 xx 000 0 und d 0aRuby Rogers Yürüyen Bir EfsaneyimcSue Limb bALTIN c655156d655156 00104070a1010b1010d2025-08-24l0p101021r2025-08-26 15:45:31w2025-08-26yBK